000 01067nam a22003257a 4500
003 CHAP
005 20220329143541.0
008 100517s1982 es a r 00010 spa d
010 _a98428
011 _a99400
020 _a8423100510
035 _a110086
040 _cCHAP
082 0 4 _a549
_bB78
100 1 _aBrocardo, Giuseppe.
_915472
245 1 0 _aMinerales :
_borigen, características, clasificación y conservación
_c/por Giuseppe Brocardo
260 _aMadrid :
_bDaimon,
_c1982
300 _a156 p. :
_btablas, símbolos
534 _aTit. original :
_tMinerali a colpo d<U+2019>occhio
590 _aBATCH-UPD
_b10
_c20130110
_lUCH01
_h1238
590 _aBATCH-UPD
_b10
_c20130410
_lUCH01
_h0805
590 _aBATCH-UPD
_b10
_c20130914
_lUCH01
_h0750
590 _aBATCH-UPD
_b10
_c20191001
_lUCH01
_h1111
590 _aCONVERSION
_b10
_c20130109
_lUCH01
_h1354
650 1 4 _aElementos minerales.
_936259
650 1 4 _aMinerales
_xClasificación.
_975933
901 _aBK
942 _cLIBRO
949 _a549 B78
_bBC
_cC
_d33724002163835
_eC
_h112567
_i110086
_sb
999 _c98428
_d98428